<?xml version="1.0" encoding="UTF-8"?>
<record
    xmlns:xsi="http://www.w3.org/2001/XMLSchema-instance"
    xsi:schemaLocation="http://www.loc.gov/MARC21/slim http://www.loc.gov/standards/marcxml/schema/MARC21slim.xsd"
    xmlns="http://www.loc.gov/MARC21/slim">

  <leader>01071nam1a22002531i 4500</leader>
  <controlfield tag="001">rc\2955658</controlfield>
  <controlfield tag="005">20240723223857.0</controlfield>
  <datafield tag="035" ind1=" " ind2=" ">
    <subfield code="a">(NLR Aleph) 007102936</subfield>
  </datafield>
  <datafield tag="090" ind1=" " ind2=" ">
    <subfield code="a">6689066</subfield>
    <subfield code="c">6689066</subfield>
  </datafield>
  <datafield tag="100" ind1=" " ind2=" ">
    <subfield code="a">20110831g19391940|||y0rusy50      ca</subfield>
  </datafield>
  <datafield tag="101" ind1="0" ind2=" ">
    <subfield code="a">rus</subfield>
  </datafield>
  <datafield tag="102" ind1=" " ind2=" ">
    <subfield code="a">RU</subfield>
  </datafield>
  <datafield tag="105" ind1=" " ind2=" ">
    <subfield code="a">y   z   |||||</subfield>
  </datafield>
  <datafield tag="200" ind1="1" ind2=" ">
    <subfield code="a">&#x422;&#x438;&#x43F;&#x43E;&#x432;&#x44B;&#x435; &#x434;&#x435;&#x442;&#x430;&#x43B;&#x438; &#x437;&#x434;&#x430;&#x43D;&#x438;&#x439;</subfield>
    <subfield code="e">&#x412;&#x44B;&#x43F;. 1-</subfield>
    <subfield code="f">[&#x420;&#x430;&#x437;&#x440;&#x430;&#x431;&#x43E;&#x442;&#x430;&#x43D; &#x442;&#x440;&#x435;&#x441;&#x442;&#x43E;&#x43C; "&#x413;&#x43E;&#x440;&#x441;&#x442;&#x440;&#x43E;&#x439;&#x43F;&#x440;&#x43E;&#x435;&#x43A;&#x442;" &#x41D;&#x430;&#x440;. &#x43A;&#x43E;&#x43C;. &#x43F;&#x43E; &#x441;&#x442;&#x440;&#x43E;&#x438;&#x442;-&#x432;&#x443;]</subfield>
    <subfield code="g">&#x420;&#x435;&#x434;. &#x441;&#x43E;&#x432;&#x435;&#x442; &#x41D;.&#x41F;. &#x411;&#x44B;&#x43B;&#x438;&#x43D;&#x43A;&#x438;&#x43D;, &#x41C;.&#x418;. &#x418;&#x432;&#x430;&#x43D;&#x43E;&#x432; (&#x43F;&#x440;&#x435;&#x434;.), &#x412;.&#x415;. &#x41A;&#x43E;&#x440;&#x435;&#x43D;&#x44C;&#x43A;&#x43E;&#x432; [&#x438; &#x434;&#x440;.]</subfield>
    <subfield code="g">&#x41D;&#x430;&#x440;. &#x43A;&#x43E;&#x43C;. &#x43F;&#x43E; &#x441;&#x442;&#x440;&#x43E;&#x438;&#x442;-&#x432;&#x443; &#x421;&#x421;&#x421;&#x420;</subfield>
  </datafield>
  <datafield tag="210" ind1=" " ind2=" ">
    <subfield code="a">&#x41C;&#x43E;&#x441;&#x43A;&#x432;&#x430;</subfield>
    <subfield code="a">&#x41B;&#x435;&#x43D;&#x438;&#x43D;&#x433;&#x440;&#x430;&#x434;</subfield>
    <subfield code="c">&#x413;&#x43E;&#x441;&#x441;&#x442;&#x440;&#x43E;&#x439;&#x438;&#x437;&#x434;&#x430;&#x442;</subfield>
    <subfield code="d">1939-1940</subfield>
    <subfield code="e">&#x41C;&#x43E;&#x441;&#x43A;&#x432;&#x430;</subfield>
  </datafield>
  <datafield tag="215" ind1=" " ind2=" ">
    <subfield code="d">31 &#x441;&#x43C;</subfield>
  </datafield>
  <datafield tag="702" ind1=" " ind2="1">
    <subfield code="a">&#x418;&#x432;&#x430;&#x43D;&#x43E;&#x432;</subfield>
    <subfield code="b">&#x41C;.&#x418;.</subfield>
    <subfield code="4">340</subfield>
  </datafield>
  <datafield tag="702" ind1=" " ind2="1">
    <subfield code="a">&#x41A;&#x43E;&#x440;&#x435;&#x43D;&#x44C;&#x43A;&#x43E;&#x432;</subfield>
    <subfield code="b">&#x412;.&#x415;.</subfield>
    <subfield code="4">340</subfield>
  </datafield>
  <datafield tag="702" ind1=" " ind2="1">
    <subfield code="a">&#x411;&#x44B;&#x43B;&#x438;&#x43D;&#x43A;&#x438;&#x43D;</subfield>
    <subfield code="b">&#x41D;.&#x41F;.</subfield>
    <subfield code="4">340</subfield>
  </datafield>
  <datafield tag="712" ind1="0" ind2="2">
    <subfield code="a">"&#x413;&#x43E;&#x440;&#x441;&#x442;&#x440;&#x43E;&#x439;&#x43F;&#x440;&#x43E;&#x435;&#x43A;&#x442;", &#x442;&#x440;&#x435;&#x441;&#x442;</subfield>
    <subfield code="c">&#x41C;&#x43E;&#x441;&#x43A;&#x432;&#x430;</subfield>
    <subfield code="4">570</subfield>
  </datafield>
  <datafield tag="801" ind1=" " ind2="0">
    <subfield code="a">RU</subfield>
    <subfield code="b">NLR</subfield>
    <subfield code="g">psbo</subfield>
  </datafield>
  <datafield tag="801" ind1=" " ind2="1">
    <subfield code="a">RU</subfield>
    <subfield code="b">ELAR</subfield>
    <subfield code="2">rusmarc</subfield>
  </datafield>
  <datafield tag="852" ind1=" " ind2=" ">
    <subfield code="a">NLR</subfield>
    <subfield code="j">39-20/48</subfield>
  </datafield>
  <datafield tag="942" ind1=" " ind2=" ">
    <subfield code="c">BOOK</subfield>
  </datafield>
</record>
